000 00581nam a22001937a 4500
003 KOHA_MİRAKIL
005 20251116124150.0
008 251116b tu ||||| |||| 00| 0 tur d
020 _a9786257447607
040 _aTR-AnABB
_btur
_cTR-AnABB
041 _atur
082 _a891.733
_bAPU 2022
100 1 _aApukhtin, Aleksey Nikolayeviç,
245 1 0 _aApukhtin'den hikâyeler /
_cAleksey Nikolayeviç Apukhtin
260 _aİstanbul :
_bVakıfbank Kültür Yayınları,
_c2022
300 _a247 sayfa ;
_c20 cm
650 0 4 _aRus edebiyatı, roman
942 _2ddc
_cBK
999 _c9412
_d9412
900 _bGizem YORULMAZ